Culture Générale - Série 43 - Statistiques

Statistiques générales
  • Ce quiz a été pris 1 210 fois
  • Le résultat moyen est 4 sur 10
Statistiques - réponses
Question Réponse % Correct
Dans le film "Les choristes", qui incarne Clement Mathieu ? Gerard Jugnot
71%
Dans quelle ville se sont déroulés les jeux olympiques de 2008 ? Pékin
71%
Quel pays a organisé la Coupe du monde de football en 2010 ? Afrique du Sud
69%
Dans quelle ville se sont déroulés les jeux olympiques de 2004 ? Athènes
61%
Le trophée qui est décerné au festival de Venise (La Mostra) représente un animal. Lequel ? Lion
56%
Quel scénariste signe les dialogues du film "Les Tontons Flingueurs" ? Michel Audiard
38%
« T’as de beaux yeux tu sais » : de quel film est tirée cette réplique célèbre? Quai des brumes
28%
Le chef-d’œuvre “Les enfants du paradis” est un film de : Marcel Carné
19%
Qui a réalisé le film "Belle de jour" ? Luis Bunuel
14%
Qui a réalisé "Ascenseur pour l’échafaud" ? Louis Malle
11%
Aucun quiz correspondant
Distribution des résultats
% des personnes avec chaque résultat
Percentile par nombre de réponses
Votre historique - résultats
Vous n’avez pas pris ce quiz